000 00368nam a22001457a 4500
005 20251007153708.0
008 250930b |||||||| |||| 00| 0 eng d
020 _a978-81-954778-9-0
041 _aeng
100 _aCHATURVEDI, YATINDRA NATH
_98711
245 _aBHARAT KI JADIBUTIYAN
260 _aUTTAR PRADESH
_bAKSHAR PLANT
_c2023
300 _a116;P
942 _cBK
999 _c8876
_d8874